[Event "SVK ECo-C Extraliga 2018-19"]
[Site "Slovakia"]
[Date "2018.11.10"]
[Round "1"]
[White "Jablonicky, Martin"]
[Black "Piesik, Piotr"]
[Result "1-0"]
[WhiteElo "2330"]
[BlackElo "2407"]
[Annotator "ChessBase"]
[PlyCount "77"]
[EventDate "2018.11.10"]
[EventType "team-tourn"]
[EventCountry "SVK"]
[SourceTitle "playchess.com"]
[Source "ChessBase"]
[SourceQuality "1"]
[WhiteTeam "Osuske"]
[BlackTeam "Dubnica"]
[TimeControl "40/5400+30:1800+30"]

1. Nf3 {[%emt 0:00:00]} g6 {[%emt 0:00:32]} 2. g3 {[%emt 0:00:13]} Bg7 {[%emt 0:00:23]} 3. Bg2 {[%emt 0:00:04]} d5 {[%emt 0:00:39]} 4. O-O {[%emt 0:00:10]} Nf6 {[%emt 0:00:37]} 5. b3 {[%emt 0:00:46]} Ne4 {[%emt 0:03:31]} 6. d4 {[%emt 0:00:43]} O-O {[%emt 0:02:08]} 7. Bb2 {[%emt 0:05:33]} c6 {[%emt 0:12:11]} 8. c4 {[%emt 0:01:48]} Bf5 {[%emt 0:02:53]} 9. e3 {[%emt 0:05:23]} a5 {[%emt 0:03:07]} 10. a4 {[%emt 0:20:53]} Na6 {[%emt 0:09:28]} 11. Nfd2 {[%emt 0:01:29]} Nf6 {[%emt 0:07:55]} 12. Nc3 {[%emt 0:20:05]} Nb4 {[%emt 0:05:52]} 13. e4 {[%emt 0:01:51]} dxe4 {[%emt 0:02:22]} 14. Ndxe4 {[%emt 0:00:07]} Nxe4 {[%emt 0:00:05]} 15. Nxe4 {[%emt 0:00:48]} Qb6 {[%emt 0:01:48]} 16. Qd2 {[%emt 0:11:58]} Rad8 {[%emt 0:02:26]} 17. Rad1 {[%emt 0:00:04]} e5 {[%emt 0:05:17]} 18. Nd6 {[%emt 0:07:32]} exd4 {[%emt 0:21:36]} 19. Nxf5 {[%emt 0:00:32]} gxf5 {[%emt 0:00:02]} 20. Qg5 {[%emt 0:00:15]} Qc5 {[%emt 0:02:33]} 21. Bh3 {[%emt 0:00:23]} h6 {[%emt 0:01:03]} 22. Qh5 {[%emt 0:01:03]} Rfe8 {[%emt 0:02:01]} 23. Bxf5 {[%emt 0:00:19]} Re5 {[%emt 0:01:01]} 24. g4 {[%emt 0:03:24]} Kf8 {[%emt 0:00:14]} 25. Bc1 {[%emt 0:01:39]} Rd6 {[%emt 0:04:16]} 26. Bf4 {[%emt 0:00:31]} d3 {[%emt 0:00:44]} 27. Bxe5 {[%emt 0:01:22]} Qxe5 {[%emt 0:00:07]} 28. Rfe1 {[%emt 0:01:03]} Qf4 {[%emt 0:01:02]} 29. Re4 {[%emt 0:02:42]} Qf3 {[%emt 0:00:04]} 30. Rde1 {[%emt 0:00:23]} Bc3 {[%emt 0:01:23]} 31. Re7 {[%emt 0:03:11]} Rf6 {[%emt 0:00:42]} 32. Rxf7+ {[%emt 0:00:05]} Rxf7 {[%emt 0:00:08]} 33. Qxh6+ {[%emt 0:00:03]} Bg7 {[%emt 0:01:36]} 34. Qd6+ {[%emt 0:00:02]} Kg8 {[%emt 0:00:06]} 35. Re8+ {[%emt 0:00:03]} Rf8 {[%emt 0:00:28]} 36. Qe6+ {[%emt 0:00:50]} Kh8 {[%emt 0:00:06]} 37. Rxf8+ {[%emt 0:00:04]} Bxf8 {[%emt 0:00:06]} 38. Qf6+ {[%emt 0:00:05]} Kg8 {[%emt 0:00:13]} 39. Be6+ {[%emt 0:00:11]} 1-0

[Event "SVK ECo-C Extraliga 2018-19"]
[Site "Slovakia"]
[Date "2018.11.10"]
[Round "1"]
[White "Haring, Viktor"]
[Black "Manik, Mikulas"]
[Result "1/2-1/2"]
[WhiteElo "2314"]
[BlackElo "2404"]
[Annotator "ChessBase"]
[PlyCount "70"]
[EventDate "2018.11.10"]
[EventType "team-tourn"]
[EventCountry "SVK"]
[SourceTitle "playchess.com"]
[Source "ChessBase"]
[SourceQuality "1"]
[WhiteTeam "Liptovska"]
[BlackTeam "Prakovce"]
[TimeControl "40/5400+30:1800+30"]

1. e4 {[%emt 0:00:00]} c5 {[%emt 0:00:00]} 2. Nf3 {[%emt 0:00:08]} d6 {[%emt 0:00:09]} 3. d4 {[%emt 0:00:29]} cxd4 {[%emt 0:00:02]} 4. Nxd4 {[%emt 0:00:16]} Nf6 {[%emt 0:00:04]} 5. Nc3 {[%emt 0:00:26]} Nc6 {[%emt 0:00:09]} 6. Bg5 {[%emt 0:01:57]} e6 {[%emt 0:02:43]} 7. Qd2 {[%emt 0:03:56]} a6 {[%emt 0:03:48]} 8. O-O-O {[%emt 0:02:14]} Bd7 {[%emt 0:00:03]} 9. f4 {[%emt 0:03:41]} Be7 {[%emt 0:00:11]} 10. Nf3 {[%emt 0:07:57]} b5 {[%emt 0:00:46]} 11. Bxf6 {[%emt 0:03:16]} gxf6 {[%emt 0:00:17]} 12. f5 {[%emt 0:06:56]} Qa5 {[%emt 0:04:14]} 13. Kb1 {[%emt 0:02:25]} h5 {[%emt 0:04:25]} 14. g3 {[%emt 0:20:47]} Rc8 {[%emt 0:03:20]} 15. Bh3 {[%emt 0:18:54]} Ne5 {[%emt 0:03:40]} 16. Nxe5 {[%emt 0:10:50]} fxe5 {[%emt 0:08:27]} 17. Rhf1 {[%emt 0:00:07]} b4 {[%emt 0:05:45]} 18. Ne2 {[%emt 0:00:09]} Qc5 {[%emt 0:00:23]} 19. Nc1 {[%emt 0:05:44]} a5 {[%emt 0:11:57]} 20. Nd3 {[%emt 0:00:16]} Qc6 {[%emt 0:00:27]} 21. Qf2 {[%emt 0:05:34]} Rc7 {[%emt 0:00:32]} 22. fxe6 {[%emt 0:01:28]} fxe6 {[%emt 0:00:35]} 23. Qf7+ {[%emt 0:02:33]} Kd8 {[%emt 0:00:02]} 24. Qf2 {[%emt 0:01:20]} Kc8 {[%emt 0:12:28]} 25. Qd2 {[%emt 0:00:09]} Qxe4 {[%emt 0:02:50]} 26. Rf7 {[%emt 0:00:38]} Rh7 {[%emt 0:01:51]} 27. Bg2 {[%emt 0:00:13]} Qg6 {[%emt 0:00:18]} 28. Rxh7 {[%emt 0:01:01]} Qxh7 {[%emt 0:00:04]} 29. Qe2 {[%emt 0:00:32]} Bc6 {[%emt 0:04:42]} 30. Nxe5 {[%emt 0:00:19]} dxe5 {[%emt 0:05:55]} 31. Qa6+ {[%emt 0:00:09]} Bb7 {[%emt 0:00:08]} 32. Bxb7+ {[%emt 0:00:14]} Rxb7 {[%emt 0:00:03]} 33. Qa8+ {[%emt 0:00:36]} Kc7 {[%emt 0:00:07]} 34. Qxa5+ {[%emt 0:00:13]} Kb8 {[%emt 0:01:32]} 35. Rd8+ {[%emt 0:00:25]} Bxd8 {[%emt 0:00:02]} 1/2-1/2

[Event "SVK ECo-C Extraliga 2018-19"]
[Site "Slovakia"]
[Date "2018.11.10"]
[Round "1"]
[White "Havlicek, Libor"]
[Black "Gazik, Viktor"]
[Result "0-1"]
[WhiteElo "2307"]
[BlackElo "2483"]
[Annotator "ChessBase"]
[PlyCount "62"]
[EventDate "2018.11.10"]
[EventType "team-tourn"]
[EventCountry "SVK"]
[SourceTitle "playchess.com"]
[Source "ChessBase"]
[SourceQuality "1"]
[WhiteTeam "Slovan"]
[BlackTeam "Podhajska"]
[TimeControl "40/5400+30:1800+30"]

1. Nf3 {[%emt 0:00:00]} g6 {[%emt 0:00:51]} 2. c4 {[%emt 0:02:05]} Bg7 {[%emt 0:00:09]} 3. e4 {[%emt 0:03:03]} e5 {[%emt 0:04:00]} 4. d4 {[%emt 0:03:51]} exd4 {[%emt 0:03:54]} 5. Nxd4 {[%emt 0:00:11]} Nc6 {[%emt 0:07:48]} 6. Nb5 {[%emt 0:07:44]} Nge7 {[%emt 0:11:06]} 7. Be2 {[%emt 0:01:42]} f5 {[%emt 0:09:21]} 8. exf5 {[%emt 0:01:24]} Nxf5 {[%emt 0:00:18]} 9. h4 {[%emt 0:01:10]} d6 {[%emt 0:10:58]} 10. Bg5 {[%emt 0:20:28]} Qd7 {[%emt 0:01:48]} 11. N1c3 {[%emt 0:00:16]} a6 {[%emt 0:04:54]} 12. Na3 {[%emt 0:00:48]} h6 {[%emt 0:03:18]} 13. Bd2 {[%emt 0:01:29]} Qf7 {[%emt 0:03:55]} 14. Bf3 {[%emt 0:00:24]} Ncd4 {[%emt 0:08:38]} 15. Be4 {[%emt 0:04:28]} O-O {[%emt 0:02:42]} 16. Bd5 {[%emt 0:02:14]} Be6 {[%emt 0:01:13]} 17. Qg4 {[%emt 0:01:36]} Bxd5 {[%emt 0:05:05]} 18. Nxd5 {[%emt 0:03:15]} Rae8+ {[%emt 0:02:01]} 19. Kd1 {[%emt 0:00:57]} b5 {[%emt 0:03:52]} 20. Nf4 {[%emt 0:00:08]} bxc4 {[%emt 0:06:12]} 21. Qxg6 {[%emt 0:05:11]} Qd7 {[%emt 0:00:29]} 22. Bc3 {[%emt 0:01:07]} Re4 {[%emt 0:01:21]} 23. g4 {[%emt 0:05:40]} Rf6 {[%emt 0:01:20]} 24. Qh5 {[%emt 0:01:27]} Qa4+ {[%emt 0:01:23]} 25. Kc1 {[%emt 0:01:17]} Rxf4 {[%emt 0:02:21]} 26. gxf5 {[%emt 0:00:05]} R6xf5 {[%emt 0:00:48]} 27. Qd1 {[%emt 0:00:09]} Qxd1+ {[%emt 0:01:39]} 28. Rxd1 {[%emt 0:00:05]} Ne2+ {[%emt 0:00:15]} 29. Kc2 {[%emt 0:00:35]} Nxc3 {[%emt 0:00:07]} 30. bxc3 {[%emt 0:00:20]} Rxf2+ {[%emt 0:00:09]} 31. Rd2 {[%emt 0:00:11]} R5f3 {[%emt 0:00:45]} 0-1

[Event "SVK ECo-C Extraliga 2018-19"]
[Site "Slovakia"]
[Date "2018.11.10"]
[Round "1"]
[White "Jancovic, Peter"]
[Black "Gazik, Igor"]
[Result "0-1"]
[WhiteElo "2299"]
[BlackElo "2220"]
[Annotator "NA"]
[PlyCount "68"]
[EventDate "2018.11.10"]
[EventType "team-tourn"]
[EventCountry "SVK"]
[SourceTitle "playchess.com"]
[Source "ChessBase"]
[SourceQuality "1"]
[WhiteTeam "Slovan"]
[BlackTeam "Podhajska"]
[TimeControl "40/5400+30:1800+30"]

1. d4 {[%emt 0:00:00]} Nf6 {[%emt 0:00:00]} 2. c4 {[%emt 0:00:00]} g6 {[%emt 0:00:49]} 3. Nf3 {[%emt 0:00:40]} Bg7 {[%emt 0:00:06]} 4. g3 {[%emt 0:00:46]} O-O {[%emt 0:00:26]} 5. Bg2 {[%emt 0:00:02]} d6 {[%emt 0:03:10]} 6. O-O {[%emt 0:00:11]} Nc6 {[%emt 0:00:36]} 7. Nc3 {[%emt 0:00:51]} Bf5 {[%emt 0:00:16]} 8. Nh4 {[%emt 0:06:10]} Bd7 {[%emt 0:02:52]} 9. e4 {[%emt 0:03:41] E62: King's Indian: Fianchetto: 6...c6 and Panno Variation (6...Nc6) without ...a6} (9. f4 Na5 10. b3 c5 11. dxc5 dxc5 12. Bd2 Bc6 13. Nd5 Nxd5 14. cxd5 Bb5 15. Rc1 Rc8 16. Bc3 Qb6 17. Bxg7 Kxg7 {1-0 (52) Gajewski,G (2628)-Fedorov,A (2598) Khanty-Mansiysk 2017 CBM 179 [Krasenkow,M]}) 9... e5 {[%emt 0:00:47]} 10. d5 {[%emt 0:00:58]} Nd4 {[%emt 0:04:37]} 11. f4 {[%emt 0:02:03]} c6 {[%emt 0:17:49]} 12. Kh1 $146 {[%emt 0:08:29]} ({Predecessor:} 12. fxe5 dxe5 13. Be3 c5 14. h3 Ne8 15. Ne2 Nd6 16. b3 b6 {0-1 (37) Chenchik,A (2100)-Savitskiy,S (2143) Khanty-Mansiysk 2009}) 12... cxd5 {[%emt 0:05:58]} 13. cxd5 {[%emt 0:00:38]} b5 {[%emt 0:00:24]} 14. fxe5 {[%emt 0:06:17]} dxe5 {[%emt 0:00:09]} 15. Nf3 {[%emt 0:00:51]} b4 {[%emt 0:18:57]} 16. Nxd4 exd4 {[%emt 0:00:53]} 17. Ne2 {[%emt 0:16:44]} Re8 {[%emt 0:03:47]} 18. Bg5 {[%emt 0:02:17]} Qb6 {[%emt 0:01:33]} 19. Bxf6 {[%emt 0:05:27]} Bxf6 {[%emt 0:00:07]} 20. Rc1 {[%emt 0:02:00]} Bg5 {[%emt 0:06:30]} 21. Nf4 {[%emt 0:02:56]} Bb5 {[%emt 0:01:11]} 22. Re1 {[%emt 0:02:23]} d3 {[%emt 0:05:44]} 23. e5 {[%emt 0:06:36]} Qd4 {[%emt 0:01:24]} (23... Rad8 $17 24. Qd2 Rc8) 24. Re4 {[%emt 0:07:38]} Qxb2 {[%emt 0:01:24]} 25. Rb1 {[%emt 0:02:44]} Qc3 {[%emt 0:07:01]} 26. Rexb4 {[%emt 0:10:14]} Bc4 {[%emt 0:00:24]} 27. d6 {[%emt 0:02:24]} Rad8 {[%emt 0:00:08]} 28. Rxc4 {[%emt 0:07:23]} Qxc4 {[%emt 0:00:05]} 29. Nxd3 {[%emt 0:01:04]} Rb8 {[%emt 0:02:00]} 30. Bb7 $2 {[%emt 0:02:17] [#]} (30. Rxb8 $15 Rxb8 31. h4) 30... Rxb7 $1 {[%emt 0:00:31]} 31. Rxb7 {[%emt 0:00:15]} Qd5+ {[%emt 0:00:29]} 32. Kg1 {[%emt 0:00:03]} Be3+ {[%emt 0:00:17]} 33. Kf1 {[%emt 0:00:06]} Qxb7 {[%emt 0:00:04]} 34. Qa4 {[%emt 0:00:21]} Qf3+ {[%emt 0:00:27]} 0-1

[Event "SVK ECo-C Extraliga 2018-19"]
[Site "Slovakia"]
[Date "2018.11.10"]
[Round "1"]
[White "Kukel, Imre"]
[Black "Takacs, Laszlo"]
[Result "0-1"]
[WhiteElo "2295"]
[BlackElo "2275"]
[Annotator "NA"]
[PlyCount "80"]
[EventDate "2018.11.10"]
[EventType "team-tourn"]
[EventCountry "SVK"]
[SourceTitle "playchess.com"]
[Source "ChessBase"]
[SourceQuality "1"]
[WhiteTeam "Komarno"]
[BlackTeam "Streda"]
[TimeControl "40/5400+30:1800+30"]

1. e4 {[%emt 0:00:00]} c5 {[%emt 0:00:00]} 2. Nf3 {[%emt 0:00:00]} d6 {[%emt 0:00:00]} 3. d4 {[%emt 0:00:00]} cxd4 {[%emt 0:00:00]} 4. Nxd4 {[%emt 0:00:58]} Nf6 {[%emt 0:00:00]} 5. Nc3 {[%emt 0:00:03] LiveBook: 99800 Partien} a6 {[%emt 0:00:00]} 6. Be3 {[%emt 0:00:06]} e6 {[%emt 0:00:00]} 7. g4 {[%emt 0:00:05]} e5 {[%emt 0:00:02]} 8. Nf5 {[%emt 0:00:03]} g6 {[%emt 0:00:12]} 9. g5 {[%emt 0:00:03]} gxf5 {[%emt 0:00:14] B81: Sizilianisch (Keres-Angriff)} 10. exf5 {[%emt 0:00:05]} d5 {[%emt 0:00:22]} 11. Qd3 $146 {[%emt 0:14:15]} ({Vorgänger:} 11. gxf6 $11 d4 12. Bxd4 (12. Bc4 Qc7 13. Qd3 dxe3 14. O-O-O {½-½ (14) Christiansen,J (2506)-Paravyan,D (2638) Pardubice 2018}) 12... Qxd4 13. Qxd4 exd4 14. Nd5) 11... d4 {[%emt 0:01:17]} 12. O-O-O {[%emt 0:02:40]} Qb6 {[%emt 0:02:09]} (12... Nd5 $17 13. Bxd4 Qxg5+ 14. Be3 Nxe3) 13. Na4 $2 {[%emt 0:20:37]} (13. gxf6 $11 dxe3 14. fxe3) 13... Qb4 {[%emt 0:19:54]} 14. b3 {[%emt 0:02:07]} (14. Bxd4 $17 exd4 15. gxf6) 14... Nfd7 {[%emt 0:07:54]} (14... Bd7 $19 {and Black stays clearly on top.} 15. gxf6 Bxa4 16. Bxd4 Qxd4 17. Qxd4 exd4 18. Re1+ Kd8 19. bxa4 Nd7) 15. Bg2 $2 {[%emt 0:06:36]} (15. c3 $17 Qa3+ 16. Kb1) 15... dxe3 {[%emt 0:05:26]} 16. Rhe1 {[%emt 0:00:19]} Qd4 {[%emt 0:05:59]} 17. Qxd4 {[%emt 0:06:12]} exd4 {[%emt 0:00:06]} 18. Rxd4 {[%emt 0:00:03]} Nc6 {[%emt 0:07:09]} 19. Rxe3+ {[%emt 0:02:12]} Kd8 {[%emt 0:01:59]} 20. Rde4 {[%emt 0:00:17]} Ba3+ {[%emt 0:01:43]} 21. Kb1 {[%emt 0:00:27]} Nc5 {[%emt 0:02:15]} 22. Rc4 {[%emt 0:02:48]} Nxa4 {[%emt 0:02:23]} 23. Rxa4 {[%emt 0:00:08]} Bd6 {[%emt 0:01:41]} 24. Rd3 {[%emt 0:02:56]} Kc7 {[%emt 0:00:12]} 25. Rd5 {[%emt 0:00:04]} Re8 {[%emt 0:02:11]} 26. Rh4 {[%emt 0:00:37]} Ba3 {[%emt 0:00:15]} 27. c3 {[%emt 0:00:15]} Re1+ {[%emt 0:01:27]} 28. Kc2 {[%emt 0:00:07]} Ne7 {[%emt 0:03:43]} 29. Ra5 {[%emt 0:00:09]} Bc1 $19 {[%emt 0:04:59]} 30. Be4 {[%emt 0:08:59]} Bxg5 {[%emt 0:01:33]} 31. Rg4 {[%emt 0:00:06]} Bf6 {[%emt 0:06:41]} 32. Kd2 {[%emt 0:00:21]} Rxe4 {[%emt 0:02:08]} 33. Rxe4 {[%emt 0:00:06]} b6 {[%emt 0:00:42]} 34. Raa4 {[%emt 0:03:09]} b5 {[%emt 0:01:39]} 35. Ra3 {[%emt 0:00:01]} Bxf5 {[%emt 0:00:16]} 36. Re1 {[%emt 0:01:31]} Rd8+ {[%emt 0:01:26]} 37. Ke3 {[%emt 0:00:17]} Nd5+ {[%emt 0:00:43]} 38. Kf3 {[%emt 0:00:02]} Bxc3 {[%emt 0:01:24]} 39. Rc1 {[%emt 0:01:25]} Kb6 {[%emt 0:00:44]} 40. b4 {[%emt 0:00:10]} Bb2 {[%emt 0:00:25]} 0-1

[Event "SVK ECo-C Extraliga 2018-19"]
[Site "Slovakia"]
[Date "2018.11.10"]
[Round "1"]
[White "Krak, Tomas"]
[Black "Kociscak, Jiri"]
[Result "1/2-1/2"]
[WhiteElo "2284"]
[BlackElo "2487"]
[Annotator "TA"]
[PlyCount "79"]
[EventDate "2018.11.10"]
[EventType "team-tourn"]
[EventCountry "SVK"]
[SourceTitle "playchess.com"]
[Source "ChessBase"]
[SourceQuality "1"]
[WhiteTeam "Snina"]
[BlackTeam "Zilina"]

{[%evp 19,79,16,20,12,14,15,21,16,13,15,32,13,13,13,19,15,22,27,28,21,20,0,15,21,26,21,29,27,27,26,32,16,28,25,54,0,-5,-29,-32,-23,0,0,165,164,129,0,44,0,0,0,0,0,0,0,0,0,0,0,0,0,0,-7]} 1. e4 e5 2. Nf3 Nc6 3. Bc4 Nf6 4. d3 Be7 5. O-O O-O 6. Re1 d6 7. a4 {[%cal Ba2a4,Ba4a5][%mdl 32]} h6 8. a5 {C55: Two Knights: 4 d3, 4 d4 exd4 5 e5 and Max Lange Attack} (8. c3 a6 9. Nbd2 Be6 10. Qc2 Qd7 11. b4 Nh7 12. Bxe6 fxe6 13. Bb2 b6 14. b5 axb5 15. axb5 Na5 16. c4 {½-½ (54) So,W (2812)-Ivanchuk,V (2738) Leuven 2017}) 8... a6 9. h3 Be6 10. Nbd2 Qd7 {LiveBook: 3 Games} 11. c3 Rfe8 12. Qb3 Bxc4 13. Nxc4 Bf8 14. Ne3 Nd8 {[#]} 15. Nd5 $146 (15. c4 {is interesting.} c6 16. Qc3 Ne6 17. Nf5 h5 18. Be3) ({Predecessor:} 15. Bd2 Ne6 {0-1 (35) Haslinger,S (2511)-Trent,L (2470) Liverpool 2008}) 15... Nxd5 16. Qxd5 c6 17. Qb3 Ne6 18. Be3 Nc7 19. Bb6 Ne6 20. Be3 Rad8 21. Rad1 Qc8 22. c4 g6 23. Qa2 Bg7 24. b4 Qd7 25. Qb3 f5 26. Bb6 $36 {[%mdl 2048] White is pushing.} Rc8 27. exf5 (27. c5 $14) 27... gxf5 $11 28. d4 {[%cal Rd4e5]} e4 29. Nh4 Qf7 30. d5 $1 {[%cal Rd5e6]} Ng5 $2 (30... cxd5 $11 {and Black has nothing to worry.} 31. Rxd5 Be5) 31. dxc6 $18 Rxc6 {[#]} 32. Rd5 ({White should play} 32. f4 $1 $16) 32... Re5 33. Red1 Rxd5 {The position is equal.} 34. Rxd5 Be5 {aiming for ...Qxd5!} 35. c5 {Nxf5! is the strong threat.} Kh7 {Black wants to play ...f4.} 36. Qd1 Qe6 37. Bd8 Nf7 38. Bb6 Ng5 39. Bd8 {[#] Black must now prevent Bxg5.} Nf7 40. Bb6 {Precision: White = 62%, Black = 61%.} 1/2-1/2

[Event "SVK ECo-C Extraliga 2018-19"]
[Site "Slovakia"]
[Date "2018.11.10"]
[Round "1"]
[White "Petran, Peter"]
[Black "Vymazal, Bronislav"]
[Result "1/2-1/2"]
[WhiteElo "2256"]
[BlackElo "2343"]
[Annotator "NA"]
[PlyCount "124"]
[EventDate "2018.11.10"]
[EventType "team-tourn"]
[EventCountry "SVK"]
[SourceTitle "playchess.com"]
[Source "ChessBase"]
[SourceQuality "1"]
[WhiteTeam "Slovan"]
[BlackTeam "Podhajska"]
[TimeControl "40/5400+30:1800+30"]

1. g3 {[%emt 0:00:00] Horn,Pe} d5 {[%emt 0:00:00]} 2. Bg2 {[%emt 0:00:00]} e5 {[%emt 0:01:17]} 3. c4 {[%emt 0:00:40]} d4 {[%emt 0:00:12]} 4. d3 {[%emt 0:00:10]} c5 {[%emt 0:01:03]} 5. Nf3 {[%emt 0:04:16]} Nc6 {[%emt 0:02:15]} 6. O-O {[%emt 0:00:06]} Bd6 {[%emt 0:08:34]} 7. e3 {[%emt 0:02:41]} Nge7 {[%emt 0:01:04]} 8. exd4 {[%emt 0:01:16]} cxd4 {[%emt 0:01:49]} 9. a3 {[%emt 0:03:07] A09: Réti Opening: 1 Nf3 d5 2 c4} a5 {[%emt 0:00:19]} 10. Nbd2 {[%emt 0:00:19]} O-O {[%emt 0:04:09]} 11. Re1 {[%emt 0:00:47]} Ng6 {[%emt 0:06:31]} (11... h6 12. Rb1 Rb8 13. Qa4 Bd7 14. Ne4 Bc7 15. Nc5 Be8 16. Qc2 Qc8 {1-0 (96) Mamedov,R (2679)-Shulman,Y (2617) Ningbo 2011}) 12. Rb1 {[%emt 0:01:53]} Re8 {[%emt 0:07:24]} 13. Qc2 {[%emt 0:01:55]} Bf8 {[%emt 0:02:34]} 14. b3 {[%emt 0:07:18] [#]} Bd7 $146 {[%emt 0:11:15]} ({Predecessor:} 14... Be6 15. c5 Bd5 16. b4 axb4 17. axb4 {0-1 (29) Panchenko,A (2430)-Ruban,V (2555) Sochi 1990 CBM 021 [Horn,Pe]}) 15. c5 {[%emt 0:02:32]} Rc8 {[%emt 0:00:47]} 16. b4 {[%emt 0:01:40]} axb4 {[%emt 0:04:50]} 17. axb4 {[%emt 0:00:07]} b5 {[%emt 0:00:31]} 18. h4 {[%emt 0:03:32]} h6 {[%emt 0:14:08]} 19. Nf1 {[%emt 0:07:08]} Qc7 {[%emt 0:02:58]} 20. N1h2 {[%emt 0:01:00]} Nge7 {[%emt 0:04:20]} 21. Bd2 {[%emt 0:10:00]} Nd5 {[%emt 0:03:47]} 22. h5 {[%emt 0:06:58]} Nf6 {[%emt 0:00:24]} 23. Qd1 {[%emt 0:02:33]} Bf5 {[%emt 0:01:33]} 24. Rb3 {[%emt 0:01:19]} Qd7 {[%emt 0:06:12]} 25. Nh4 {[%emt 0:00:53]} Bh7 {[%emt 0:00:18]} 26. Ra3 {[%emt 0:10:04]} e4 {[%emt 0:02:59]} 27. dxe4 {[%emt 0:00:54]} Nxe4 {[%emt 0:00:16]} 28. Bxe4 {[%emt 0:09:23]} (28. Qg4 $11 {remains equal.} Qxg4 29. Nxg4) 28... Bxe4 {[%emt 0:02:49]} 29. Ng2 {[%emt 0:04:26]} Bh7 {[%emt 0:02:52]} 30. Rxe8 {[%emt 0:02:38]} Rxe8 {[%emt 0:00:12]} 31. Nf4 {[%emt 0:05:36]} Ne5 {[%emt 0:00:46]} 32. Ra6 {[%emt 0:02:33]} Be4 {[%emt 0:01:41]} 33. f3 {[%emt 0:01:49]} Bb7 {[%emt 0:00:32]} 34. Ra7 $19 {[%emt 0:00:45]} Qc6 {[%emt 0:00:30]} 35. Kf2 {[%emt 0:00:44]} d3 {[%emt 0:01:12]} 36. Ra2 {[%emt 0:00:56]} Nc4 {[%emt 0:00:56]} 37. Qb3 {[%emt 0:00:40]} Ne5 {[%emt 0:02:41]} 38. Qd1 {[%emt 0:00:57]} Nc4 {[%emt 0:00:59]} 39. Qb3 {[%emt 0:00:06]} Qf6 {[%emt 0:01:13]} 40. Qc3 {[%emt 0:02:32]} Ne5 {[%emt 0:01:16]} 41. Ra1 {[%emt 0:04:09]} g5 {[%emt 0:16:12]} 42. hxg6 {[%emt 0:00:58]} fxg6 {[%emt 0:00:10]} 43. Re1 {[%emt 0:03:30]} Bg7 {[%emt 0:02:00]} 44. Qb3+ {[%emt 0:00:31]} Qf7 {[%emt 0:04:07]} 45. Qxf7+ {[%emt 0:01:56]} Kxf7 {[%emt 0:00:05]} 46. Bc3 {[%emt 0:02:29]} Rd8 {[%emt 0:02:45]} 47. Rd1 {[%emt 0:03:18]} Nxf3 {[%emt 0:03:08]} 48. Nxf3 {[%emt 0:08:00]} Bxc3 {[%emt 0:00:04]} 49. Rxd3 {[%emt 0:00:22]} Rxd3 {[%emt 0:00:05]} 50. Nxd3 {[%emt 0:00:05]} Be4 {[%emt 0:00:40]} 51. Nfe1 {[%emt 0:00:24]} Bd4+ {[%emt 0:01:29]} 52. Ke2 {[%emt 0:00:06]} Kf6 {[%emt 0:01:06]} 53. Nc2 {[%emt 0:00:22]} Bg1 {[%emt 0:02:27]} 54. Ne3 {[%emt 0:02:09]} h5 {[%emt 0:00:46]} 55. Nf2 {[%emt 0:00:48]} Bc6 {[%emt 0:00:15]} 56. Nh3 {[%emt 0:03:22]} Bxe3 {[%emt 0:00:51]} 57. Kxe3 {[%emt 0:00:01]} g5 {[%emt 0:00:09]} 58. Ng1 {[%emt 0:02:25]} h4 {[%emt 0:02:08]} 59. gxh4 {[%emt 0:00:13]} gxh4 {[%emt 0:00:04]} 60. Kf4 {[%emt 0:00:57]} Ke6 {[%emt 0:00:41]} 61. Nf3 {[%emt 0:03:27]} Kd5 {[%emt 0:00:27]} 62. Nxh4 {[%emt 0:00:38]} Kc4 {[%emt 0:00:10] Ke4} 1/2-1/2